Normal view
MARC view
- الطبيعة. الفيزياء-دراسة وتعليم . الرياضيات-دراسة وتعليم (إعدادي)
Entry Topical Term
001 - CONTROL NUMBER
- control field: 34574
003 - CONTROL NUMBER IDENTIFIER
- control field: JO-AjAnu
005 - DATE AND TIME OF LATEST TRANSACTION
- control field: 20230606075806.0
008 - FIXED-LENGTH DATA ELEMENTS
- fixed length control field: 230606|| aca||aabn | a|a d
040 ## - CATALOGING SOURCE
- Original cataloging agency: JO-AjAnu
- Transcribing agency: JO-AjAnu
150 ## - HEADING--TOPICAL TERM
- Topical term or geographic name entry element: الطبيعة. الفيزياء-دراسة وتعليم . الرياضيات-دراسة وتعليم (إعدادي)
670 ## - SOURCE DATA FOUND
- Source citation: Work cat.: (JO-AjAnu)17758: عبيد،وليم, author 34573, المهارات الرياضية اللازمة لدراسة العلوم في المرحلة الإعدادية